Célébrations de Joueurs de Football - Statistiques

Statistiques générales
  • Ce quiz a été pris 724 fois
  • Le résultat moyen est 10 sur 17
Statistiques - réponses
Célébrations Joueurs % Correct
Siiuuuuuu Cristiano Ronaldo
100%
Bras croisés Kylian Mbappé
94%
Dab Paul Pogba
87%
Casser la démarche Samuel Umtiti
87%
Téléphone / Fortnite Antoine Griezmann
85%
Salto Pierre-Emerick Aubameyang
69%
En tailleur / Relaxation Erling Haaland
68%
Panthère Bafétimbi Gomis
63%
Bras levés et écartés Jude Bellingham
63%
Se boucher les oreilles Memphis Depay
62%
Masque Paulo Dybala
56%
Montre ses muscles / Selfie Mario Balotelli
47%
Doigts autour de l'oeil / Challenge Dele Alli
46%
Doigt sur la tempe Marcus Rashford
37%
Prosternation Mohamed Salah
34%
Jumelles Pedri
20%
Twerk Takefusa Kubo
19%
Aucun quiz correspondant
Distribution des résultats
% des personnes avec chaque résultat
Percentile par nombre de réponses
Votre historique - résultats
Vous n’avez pas pris ce quiz